Music Quiz

Random Music or Kpop Quiz

Can you name Korean female solo artists? Quiz Stats

Quiz not verified by Sporcle

Challenge
Share
Tweet
Embed
Score 0/30 Timer 10:00
0 Plays Today
% Correct
IU
80.7%
BOA
79.9%
Ailee
74.5%
G.NA
58.4%
Hyori
55.3%
Gummy
42.7%
Baek Jiyoung
42.4%
Son Dambi
42%
Juniel
29%
Ivy
25.9%
Seo Inyoung
20.3%
Younha
18.4%
JOO
13.5%
Tasha
7.4%
Kan Miyoun
6.6%
% Correct
Lena Park
6.2%
Navi
6.2%
DIA
5.8%
Fat Cat
5.8%
Lexy
4.6%
Insooni
4.4%
Chaeyeon
4.3%
Solbi
4.3%
Uhm Junghwa
3.9%
Jang Nara
3.7%
Hwayobi
3.3%
Hwangbo
2.9%
Lim Jeonghee
2.9%
Kim Wansun
2.7%
Lee Sora
2%

You're not logged in!

Compare scores with friends on all Sporcle quizzes.
Join for Free
OR
Log In

You Might Also Like...

Show Comments

Extras

Created Aug 21, 2012ReportNominate
Tags:Kpop Quiz, Kpop Quiz

Top Quizzes Today


Score Distribution

Your Account Isn't Verified!

In order to create a playlist on Sporcle, you need to verify the email address you used during registration. Go to your Sporcle Settings to finish the process.

Report this User

Report this user for behavior that violates our Community Guidelines.

Details: